000 00625nam a22002177a 4500
003 OSt
005 20140310182958.0
008 130208t xxu||||| |||| 00| 0 eng d
020 _a9789715848510
050 _aLB 1025
_b.Ag66 2009
100 _aAgno, Lydia N.
245 _aPrinciples of teaching 1 :
_ba modular approach /
_cLydia N. Agno.
260 _aQuezon City :
_bC & E Publishing, Inc.,
_c2009.
300 _a254 p. :
_c25 cm.
_bill. ;
521 _aEDU
650 _aTeaching.
650 _aLearning
_xStudy and teaching.
650 _a Principles
_x Teaching of.
942 _2lcc
_cBK
_kLOC
999 _c18042
_d18042